[Event "Fort Myers Gulf Coast op 2nd"]
[Site "Fort Myers"]
[Date "2016.01.09"]
[Round "2"]
[White "Sadorra, Julio Catalino"]
[Black "Acor, Corey B"]
[Result "1-0"]
[WhiteElo "2501"]
[BlackElo "2312"]
[Annotator "Sadorra,J"]
[PlyCount "89"]
[EventDate "2016.01.08"]
[EventType "swiss"]
[EventRounds "5"]
[EventCountry "USA"]
[SourceTitle "CBM 171"]
[Source "ChessBase"]
[SourceDate "2016.03.14"]
[SourceVersion "2"]
[SourceVersionDate "2016.03.14"]
[SourceQuality "1"]

1. d4 Nf6 2. c4 e5 {The Budapest Gambit is not a popular weapon, but it's
still a good surprise weapon even at the GM-level as creative players like
Jobava and Rapport have shown in recent times.} 3. dxe5 Ng4 4. Nf3 Nc6 ({
A more common approach is} 4... Bc5 5. e3 Nc6 6. Nc3 O-O 7. Be2 Re8 8. O-O {
where I believe White can obtain a slight edge with accurate play.}) 5. Bf4
Bb4+ 6. Nbd2 Qe7 7. e3 Ngxe5 {Here I forgot my lines, so I relied on intuition
and principles.} 8. Be2 {Staying flexible and keeping as many pieces as
possible because I have more space.} d6 9. a3 {I decided not to spend that
much time here, as I felt I there must be different ways to obtain a slight
edge.} ({Later I realised that} 9. O-O {may be more accurate because with the
threat of Nb3 followed by a3, Black may be forced to take on d2 anyway. But
once again, I got over this small inaccuracy and decided to find ideas and
focus on the positives of my decision.} O-O 10. Nb3 Re8 $5 $146 {a useful move
preparing to meet White's idea} (10... Ng6 11. Bg3 Na5 12. Nbd4 $1 {and the
b4-B is in trouble} Nc6 13. Nxc6 bxc6 14. Qa4 Bc5 15. b4 Bb6 16. Qxc6 Bf5 17.
Qd5 Be4 18. Qd2 a5 19. a3 Ra7 20. Qc3 Rfa8 21. b5 Re8 22. Rad1 Raa8 23. Nd2 Bb7
24. Bf3 Bxf3 25. Nxf3 Bc5 26. a4 f6 27. Nd4 Bb6 28. Nb3 Ne5 29. Rd5 Nd7 30. Re1
Nc5 31. Nxc5 Bxc5 32. Re2 Qe4 33. Rd3 Bb4 34. Qb3 Bc5 35. f3 Qg6 36. Bf2 Qg5
37. Rd5 Qh6 38. e4 Bxf2+ 39. Rxf2 Kf8 40. c5 dxc5 41. Rfd2 Re7 42. Qc3 Qg6 43.
Qxc5 Qe8 44. Rd7 Rc8 45. Kf2 Kf7 46. Rxe7+ Qxe7 47. Qxe7+ Kxe7 48. Rc2 Kd7 49.
Rc6 Ra8 50. Ra6 Rxa6 51. bxa6 Kc6 52. f4 Kb6 53. e5 {1-0 (53) Chuprikov,D 
(2394)-Goncharov,V (2006) Voronezh 2007}) 11. a3 Bc5 12. Nxc5 dxc5 13. Nxe5
Nxe5 14. Qd5 c6 15. Qxe5 Qxe5 16. Bxe5 Rxe5 17. Rad1 Bf5 $14 {White has the
better pawn structure, but I believe Black also has good chances to hold.})
9... Bxd2+ 10. Nxd2 $5 {Avoids simplification, and leaves him with
"superfluous knights" (an idea I learned from Dvoretsky & Yusupov).} (10. Qxd2
{was also possible but I didn't like allowing the normal and active} Bg4 $132)
10... Bf5 {Technically the novelty in this game.} (10... O-O {is what's been
tried before but I think White gets more comfortable play after} 11. O-O Bf5 (
11... Ng6 12. Bg3 f5 13. Re1 $14) (11... Be6 12. b4 $1 a6 13. Qc2 $14) 12. Nb1
$1 {similar to the game.}) 11. Nb1 $1 {I was happy to find this idea otb after
digging deep into the position. While it takes some time, the idea of a knight
on the strong d5-square is unpleasant for Black.} ({The alternatives simply
don't seem like a good way to fight for the initiative:} 11. Nb3 O-O-O $5) (11.
O-O Bd3) 11... g5 $1 {A principled reaction.} 12. Bg3 h5 13. h4 $6 {Too
routine.} ({The immediate} 13. Nc3 $1 {was better, showing Black that he had
created a "phantom" threat!} h4 14. Nd5 Qd8 15. Bxe5 dxe5 (15... Nxe5 16. f4
$36) 16. Qb3 Rb8 17. Rd1 $16 {with strong pressure.}) 13... Ng6 $6 {A sign of
panic, rushing to create counterplay before my knight gets to d5.} ({Things
are probably not so bad for him after} 13... O-O-O 14. Nc3 g4 (14... f6 $5 15.
b4 (15. Nd5 Qg7 {only helps Black}) 15... Qg7 $1 {with double-edged play,
where Black is not without counterplay.}) 15. Nd5 Qe6 16. b4 $40) 14. Nc3 gxh4
15. Nd5 Qd8 16. Bh2 Nce5 17. Qd4 {Centralisation!} c6 {Forced otherwise f4 is
coming.} 18. Nf4 $1 (18. Nc3 Qb6 $1 {dislodges my queen from the a1-h8 diagonal
} 19. Qxd6 Qxb2 $132) 18... c5 (18... Qb6 {here I can keep pressure with} 19.
Qc3 $16) 19. Qc3 Qg5 20. Nxg6 Bxg6 21. O-O-O (21. Rg1 {is also effective, but
I wanted to quickly get my queenside rook in the game.}) 21... O-O-O 22. Rxd6 {
A tactic that had to be foreseen before castling queenside.} Qf5 {This
tempting idea has a flaw in it.} 23. Rxg6 $1 Nxg6 24. Qa5 {For the exchange,
White merely has the bishop pair but they in addition to my queen are
attacking Black's vulnerable king!} Rd7 25. Qxa7 {Seemed natural & effective,
so I played it rather quickly, also to pressure my opponent on the clock.
However, there is a stronger attacking idea. Can you find it? White to
play*********************************} ({"Tactics Galore":} 25. Rd1 $3 {
Removing the Defender} Rhd8 (25... Rxd1+ 26. Bxd1 Qd7 27. Ba4 Qe7 28. Qxa7 $18)
(25... b6 26. Qa6+ Kd8 27. Qxa7 {Pin} Ke7 28. Bd6+ Kf6 29. Qxb6 Kg7 30. Qxc5
$18) 26. Rd5 $1 $18 {Interference + Deflection!}) 25... Kd8 26. Rd1 {The rest
of the game was played with my opponent in time trouble so more mistakes were
inevitable.} Ke7 27. Rxd7+ Qxd7 28. Qxc5+ Kf6 29. Bd6 Rd8 30. Qd4+ Kg5 31. c5
Qe6 (31... Kh6 32. Qf6 $1 Kh7 33. Bc4) 32. Bf4+ ({A quicker win could be
achieved with the more subtle yet threatening move:} 32. Bd3 $1 {the main idea
being} Kh6 (32... f5 33. Bf4+ Nxf4 34. Qxd8+ Kg6 35. exf4 $18) 33. Bf4+ Nxf4
34. Qxf4+ Kg7 35. Qg5+ $18) 32... Nxf4 33. exf4+ Kh6 34. Qxd8 Qxe2 35. Qf6+ Kh7
36. Qxf7+ Kh6 37. Qf6+ Kh7 38. Qf5+ Kh6 39. Qg5+ Kh7 40. Qd5 Qf1+ (40... Qxf2
41. Qxb7+ Kh8 (41... Kh6 42. Qd5) 42. Qc8+ Kg7 43. Qc7+ Kh6 44. Qd6+ Kg7 45.
Qd2 Qf1+ 46. Kc2 $18 {should eventually win.}) 41. Qd1 Qxg2 42. Qxh5+ Kg8 43.
Qxh4 Qe4 44. Qg5+ Kf7 45. Qe5 {...and Black resigns.} 1-0

[Event "Reggio Emilia Top15 33rd"]
[Site "Reggio Emilia"]
[Date "1991.??.??"]
[Round "?"]
[White "Beliavsky, Alexander G"]
[Black "Epishin, Vladimir"]
[Result "0-1"]
[WhiteElo "2640"]
[BlackElo "2620"]
[Annotator "Schussler,H"]
[PlyCount "50"]
[EventDate "1991.01.??"]
[EventType "tourn"]
[EventRounds "14"]
[EventCountry "ITA"]
[EventCategory "15"]
[SourceTitle "CBM 022"]
[Source "ChessBase"]
[SourceDate "1991.06.01"]
[SourceVersion "1"]
[SourceVersionDate "1991.06.01"]
[SourceQuality "1"]

1. d4 Nf6 2. c4 e5 3. dxe5 Ng4 4. Qd4 d6 5. exd6 Bxd6 6. Qe4+ {A new idea
which doesn`t look very sound. Black gets a big lead in the development.} (6.
Nf3 O-O 7. e3 Nc6 8. Qd1 Bf5 9. a3 Qf6 $13 {(Minev)}) 6... Be6 7. Nc3 O-O 8.
Nf3 Qd7 9. Nd4 Bxc4 10. Nf5 Be6 11. Nxd6 cxd6 12. g3 d5 13. Qf4 d4 14. Ne4 Bd5
15. f3 f5 16. Nc5 Qe7 17. Nd3 Nc6 18. h3 Nge5 19. Nxe5 Nxe5 20. Kf2 d3 21. Bd2
dxe2 22. Bxe2 Bxf3 23. Bb4 Qe6 24. Rhe1 Bxe2 25. Qe3 f4 0-1

[Event "Prague Chip"]
[Site "Prague"]
[Date "1992.??.??"]
[Round "3"]
[White "Razuvaev, Yuri S"]
[Black "Meduna, Eduard"]
[Result "1-0"]
[WhiteElo "2575"]
[BlackElo "2500"]
[Annotator "Schussler,H"]
[PlyCount "93"]
[EventDate "1992.01.??"]
[EventType "tourn"]
[EventRounds "13"]
[EventCountry "CZE"]
[EventCategory "11"]
[SourceTitle "CBM 027"]
[Source "ChessBase"]
[SourceDate "1992.04.01"]
[SourceVersion "1"]
[SourceVersionDate "1992.04.01"]
[SourceQuality "1"]

1. d4 Nf6 2. c4 e5 3. dxe5 Ng4 4. Nf3 Nc6 5. Bf4 Bb4+ 6. Nbd2 Qe7 7. a3 Ngxe5
8. Nxe5 Nxe5 9. e3 Bxd2+ 10. Qxd2 d6 11. Be2 a5 {Better is 11. - b6 and, much
later, a7-a5.} 12. Qc3 b6 13. b4 $1 $14 O-O 14. O-O Re8 15. c5 $5 {White has
two main strategies in this type of position: c4-c5 and e3-e4/f2-f4.} dxc5 $6 {
15. - axb4} 16. bxc5 Qxc5 17. Qxc5 bxc5 18. Rfd1 Bb7 19. Rac1 c4 20. Bxe5 Rxe5
21. Rd7 $16 Ba6 22. Rxc7 g6 23. Bxc4 Bxc4 24. R1xc4 Rb8 25. g4 h5 26. h3 hxg4
27. hxg4 Kf8 28. Ra7 Rg5 29. Rf4 Kg8 30. Raxf7 Rxg4+ 31. Rxg4 Kxf7 32. Rg5 Ra8
33. a4 Kf6 34. Rb5 Kg7 35. Kg2 Kh6 36. f4 Ra7 37. Kf3 Ra8 38. Re5 Kg7 39. Kg4
Kf6 40. e4 Ra6 41. Rb5 Kf7 42. Kg5 Ke7 43. Rb7+ Kf8 44. e5 Kg8 45. Rc7 Kf8 46.
Rd7 Rc6 47. Ra7 1-0

[Event "Tbilisi"]
[Site "Tbilisi"]
[Date "1991.??.??"]
[Round "?"]
[White "Kachiani Gersinska, Ketino"]
[Black "Ioseliani, Nana"]
[Result "1/2-1/2"]
[WhiteElo "2345"]
[BlackElo "2470"]
[Annotator "Schussler,H"]
[PlyCount "85"]
[EventDate "1991.05.??"]
[EventType "tourn"]
[EventRounds "11"]
[EventCountry "GEO"]
[EventCategory "9"]
[SourceTitle "CBM 024"]
[Source "ChessBase"]
[SourceDate "1991.10.01"]
[SourceVersion "1"]
[SourceVersionDate "1991.10.01"]
[SourceQuality "1"]

1. d4 Nf6 2. c4 e5 3. dxe5 Ng4 4. Bf4 {This is more precise than 4.Nf3 as
Black then has the option to play 4. - Bc5, forcing 5.e3 (see CBM 24/game 964).
} Nc6 5. Nf3 Bb4+ 6. Nbd2 {More greedy is 6.Nc3 after which Black should sac a
pawn with 6. - Qe7 7.Qd5 Bxc3+ 8.bxc3 f6.} Qe7 7. a3 Ncxe5 8. Nxe5 Nxe5 9. e3
Bxd2+ 10. Qxd2 O-O $6 {As Kakhiani shows 10. - d6 is more exact.} 11. c5 $1 {
In order to free himself Black now has to weaken his pawn-structure.} d6 12.
cxd6 cxd6 13. Be2 Bf5 14. O-O Rad8 15. Rac1 $16 Be4 16. b4 a6 17. a4 Rfe8 18.
b5 axb5 19. f3 Bc6 20. axb5 Bd7 21. e4 Be6 22. b6 Rc8 23. Bb5 Red8 24. Rxc8
Rxc8 25. Rd1 h6 26. Qxd6 Qxd6 27. Rxd6 Nc4 28. Bxc4 (28. Rxe6 $5 fxe6 29. Bd7
Nxb6 30. Bxe6+ Kf8 31. Bxc8 Nxc8 $16) 28... Bxc4 29. Rd7 Ba6 30. e5 Re8 31. h4
Re6 $14 32. Rd8+ Kh7 33. Rd7 Kg8 34. Rd8+ Kh7 35. Rf8 f6 36. exf6 Rxf6 37. Rxf6
gxf6 38. h5 Bb5 39. Kf2 Be8 40. Ke3 {Or 40.g4 f5! and Black can just "sit" to
achieve a draw.} Bxh5 41. Ke4 Bg6+ 42. Kd5 Bd3 43. Kd6 1/2-1/2

[Event "Gelsenkirchen"]
[Site "Gelsenkirchen"]
[Date "1991.??.??"]
[Round "?"]
[White "Smyslov, Vassily V"]
[Black "Blasek, Ralph"]
[Result "1-0"]
[WhiteElo "2535"]
[BlackElo "2330"]
[Annotator "Schussler,H"]
[PlyCount "59"]
[EventDate "1991.05.??"]
[EventType "tourn"]
[EventRounds "11"]
[EventCountry "GER"]
[EventCategory "8"]
[SourceTitle "CBM 025"]
[Source "ChessBase"]
[SourceDate "1991.12.01"]
[SourceVersion "1"]
[SourceVersionDate "1991.12.01"]
[SourceQuality "1"]

1. d4 Nf6 2. c4 e5 3. dxe5 Ng4 4. Nf3 (4. Bf4 Nc6 5. Nf3 Bc5 {Introducing a
real gambit. Usuall is 5. - Bb4+ followed by Qe7 and Nxe5.} 6. e3 f6 $6 {
Djurhuus,R-Lubbert,D, Gausdal 1991 (CBM 25/game 357).}) 4... Bc5 {4. - Nc6 5.
Bf4 Bb4+ transposes to the main-line 4.Bf4.} 5. e3 Nc6 6. Nc3 Ncxe5 7. Nxe5
Nxe5 8. f4 $1 {The correct long-term White plan includes an advance of the e-
and f-Ps. The slower Bf1-e2 was played in Vyzmanavin,A-Lendwai,R,
Gelsenkirchen 1991 (CBM 25/game 582) and Agrest,E-Nevednichy,V, Azov 1991 (CBM
25/game 689).} Nc6 9. Bd3 h5 10. O-O d6 11. a3 a5 12. Bd2 Bg4 13. Qc2 h4 14. h3
Bd7 15. Ne4 Kf8 16. Nxc5 dxc5 17. Bc3 $16 Qe7 18. Rae1 Rd8 19. Be4 Rh6 20. f5
b6 21. Bxc6 Bxc6 22. Rf4 Qd6 23. Qf2 Qd3 24. Rxh4 $18 Ke8 25. Rg4 Rh5 26. e4
Kd7 27. Qe2 Qxe2 28. Rxe2 Re8 29. Bxg7 Rxf5 30. Rd2+ 1-0

[Event "Brno"]
[Site "Brno"]
[Date "1993.??.??"]
[Round "2"]
[White "Chernin, Alexander"]
[Black "Blatny, Pavel"]
[Result "1-0"]
[WhiteElo "2615"]
[BlackElo "2510"]
[Annotator "Schussler,H"]
[PlyCount "63"]
[EventDate "1993.08.??"]
[EventType "tourn"]
[EventRounds "9"]
[EventCountry "CZE"]
[EventCategory "13"]
[SourceTitle "CBM 037"]
[Source "ChessBase"]
[SourceDate "1993.12.01"]
[SourceVersion "1"]
[SourceVersionDate "1993.12.01"]
[SourceQuality "1"]

1. d4 Nf6 2. c4 e5 3. dxe5 Ng4 4. Bf4 Nc6 5. Nf3 Bb4+ 6. Nbd2 Qe7 7. e3 Ngxe5
8. Nxe5 Nxe5 9. Be2 b6 (9... O-O 10. O-O Ng6 11. Bg3 Bd6 $14 {(Rogers,I)}) 10.
O-O Bxd2 11. Qxd2 Bb7 12. Rac1 d6 13. b4 Ng6 (13... O-O $1 14. c5 dxc5 15. bxc5
Rad8 16. Qc3 {16.Qb4 Nd3 =} Ng6 17. Bg3 Rd5 18. cxb6 cxb6 19. Rfd1 Rfd8 20.
Rxd5 Bxd5 21. a3 {+/=/= Alterman,B-Blatny,P, Pardubice 1993}) 14. Bg3 O-O 15.
c5 dxc5 16. bxc5 Rfd8 17. Qb4 $1 Bc6 $6 (17... Rd5 $2 18. Bf3 Rxc5 19. Bxb7 {
19.Rxc5? Bxf3} Rb8 20. Rxc5 bxc5 21. Qb1 $18) 18. a3 $1 $14 a5 $6 {x b6} 19.
Qb2 Be4 20. cxb6 cxb6 21. Rc3 Qf6 22. Rfc1 $16 {/\ 23.Bc7} Ne7 23. Bc7 Rd7 24.
Qxb6 Qg5 25. Bg3 $18 Qd5 {25. - Nd5 26.Rc8+} 26. Bf1 Qd2 27. f3 Bb7 28. R3c2
Qd5 29. e4 Qg5 30. Rc7 Rxc7 31. Rxc7 Bc8 32. Ra7 $1 {32. - Rxa7 33.Qd8 mate}
1-0

[Event "Elenite"]
[Site "Elenite"]
[Date "1992.??.??"]
[Round "11"]
[White "Stohl, Igor"]
[Black "Manolov, Ivan"]
[Result "1-0"]
[WhiteElo "2560"]
[BlackElo "2340"]
[Annotator "Schussler,H"]
[PlyCount "91"]
[EventDate "1992.??.??"]
[EventType "tourn"]
[EventRounds "11"]
[EventCountry "BUL"]
[EventCategory "12"]
[SourceTitle "CBM 032"]
[Source "ChessBase"]
[SourceDate "1993.02.01"]
[SourceVersion "1"]
[SourceVersionDate "1993.02.01"]
[SourceQuality "1"]

1. d4 Nf6 2. c4 e5 3. dxe5 Ng4 4. Bf4 (4. e3 Nxe5 5. Nh3 Ng6 $1 $10) 4... Nc6
5. Nf3 Bb4+ 6. Nbd2 {Sharper is the other main-line 6.Nc3.} Qe7 7. e3 Ngxe5 8.
Nxe5 Nxe5 9. Be2 O-O 10. O-O $1 {Not losing a move with 10.a3.} Bxd2 {White
threatened 11.Nb3 after which Bb4 is badly placed.} 11. Qxd2 d6 12. b4 {
Logical. White`s basic plan is c4-c5, attacking c7 and d6.} Re8 {12. - b6!?.}
13. Rfd1 Ng6 $6 {Better is 13. - a5 or 13. - b6.} 14. Bg3 a5 $2 15. c5 $1 $16
dxc5 16. bxc5 Bf5 17. Bf3 {17.Rb2!?} c6 18. Qd6 {18.Bd6?! Qg5!} Ne5 19. Be2
Qxd6 20. Rxd6 Nd7 21. Rc1 a4 22. Rd4 {22.e4!?} a3 23. Bd6 Nf6 24. g4 Bc8 25. g5
Nd7 26. e4 Nf8 27. f4 g6 28. Kf2 Be6 29. Rc2 Nd7 30. Rb4 Ra7 31. h4 h5 32. Bd3
f5 33. Re2 Bf7 $2 {33. - Kf7} 34. exf5 $18 Rxe2+ 35. Kxe2 Bxa2 36. fxg6 Bd5 37.
Rb1 a2 38. Ra1 Ra5 39. f5 Nxc5 40. f6 Nxd3 41. Kxd3 Ra4 42. Re1 Ra8 43. Rf1
a1=Q 44. f7+ Kg7 45. Rxa1 Rd8 46. Be7 {46. - Rc8 47.Rf1 + -} 1-0

[Event "Kottnauer Memorial"]
[Site "Prague"]
[Date "1996.??.??"]
[Round "1"]
[White "Stohl, Igor"]
[Black "Blatny, Pavel"]
[Result "1/2-1/2"]
[WhiteElo "2515"]
[BlackElo "2515"]
[Annotator "Stohl,I"]
[PlyCount "54"]
[EventDate "1996.06.??"]
[EventType "tourn"]
[EventRounds "10"]
[EventCountry "CSR"]
[EventCategory "12"]
[SourceTitle "CBM 054"]
[Source "ChessBase"]
[SourceDate "1996.10.01"]
[SourceVersion "1"]
[SourceVersionDate "1996.10.01"]
[SourceQuality "1"]

1. d4 Nf6 2. c4 e5 3. dxe5 Ng4 4. Bf4 Nc6 5. Nf3 Bb4+ 6. Nbd2 Qe7 7. e3 Ngxe5
8. Nxe5 Nxe5 9. Be2 O-O 10. O-O Ng6 $5 11. Bg3 (11. Bxc7 $2 d6 $19) 11... Bd6
12. Bxd6 Qxd6 13. Ne4 $5 (13. Qc2 Qe7 (13... b6 14. Ne4 Qe7 15. Nc3 Bb7 16. Nd5
Qd8 17. Rfd1 d6 18. b4 a5 19. a3 axb4 20. axb4 Rxa1 21. Rxa1 b5 22. Qb3 bxc4
23. Bxc4 c6 24. Nc3 d5 25. Bf1 Ne5 26. Na4 $36 {Vincze,I-Mozes,Z/HUN-chT2 9394/
1993}) (13... Qe5 14. Nf3 Qe7 15. c5 d6 16. cxd6 Qxd6 17. Rac1 c6 18. Rfd1 Qe7
19. Nd4 Bd7 20. a3 Rfc8 21. b4 a5 22. Nb3 axb4 23. axb4 Be6 24. Bc4 Bxc4 25.
Qxc4 Rd8 26. h3 Rxd1+ 27. Rxd1 Rd8 28. Rxd8+ Qxd8 $10 {Adla,D-Gomez Baillo,J/
Buenos Aires/1990/}) 14. c5 d6 15. cxd6 Qxd6 16. Rfd1 (16. Nc4 Qe7 17. Rfd1 Be6
18. Rac1 c6 $10) 16... Qe7 (16... c6 17. Nc4 Qc5 18. Rd2 Be6 19. Rad1 Qe7 20.
Nd6 Bd5 21. Nf5 Qe5 22. Ng3 Rfe8 23. Bc4 Bxc4 24. Qxc4 Nf8 25. Qd4 Qxd4 26.
Rxd4 Ne6 27. Rd7 Red8 28. Kf1 Kf8 29. Ke2 $36 {[%cal Ga7h7,Gd1d7] Blagojevic,
D-Miljanic,B/Kladovo ch-YU/1991/}) 17. Nb3 $5 (17. Rac1 c6 18. Nc4 Be6 19. a3
Bd5 20. Rd4 f5 21. Bf1 Rae8 22. Qd2 Kh8 23. g3 Qg5 24. h4 Qh5 25. Be2 Qh6 26.
Nd6 Re7 27. Rxd5 cxd5 28. Qxd5 Ne5 29. Qxe5 Rxe5 30. Nf7+ Kg8 31. Nxh6+ gxh6
32. Rc7 $44 {Gomez Esteban,J-Ayza Ballester,J/San Sebastian op/1994/}) 17...
Be6 18. Nc5 c6 19. Nxe6 Qxe6 20. Rd4 Rfd8 21. Qd2 Rxd4 22. Qxd4 b6 23. Bc4 c5
24. Qd3 Qf6 25. Rd1 $14 {Korotylev,A-Pankratov,A/Moscow-chop/1995/}) (13. Nb3
Qe7 (13... Qxd1 14. Rfxd1 d6 15. Nd4 a6 $10) 14. c5 Rd8 15. Rc1 d6 16. c6 b6
17. Nd4 Rf8 18. Rc3 Nh4 19. f4 a5 20. Qd2 g6 21. Bd3 Kh8 22. Qf2 a4 23. Nb5 Nf5
24. e4 Ng7 25. f5 $36 {Belakovskaia,A-Blatny,P/New York op Newark/1996/}) 13...
Qe5 (13... Qxd1 14. Rfxd1 d6 15. Nc3 Rd8 16. f4 c6 17. Rd2 Kf8 18. Rad1 Ke7 19.
Kf2 $14 {[%cal Yg2g4,Yf2g3,Yh2h4,Yb2b5] _|_ In the endgame White has a slight,
but permanent advantage. He can gradually advance pawns on both flanks 
(b2-b4-b5;g4,Kg3,h4 etc.) and gain more space.}) (13... Qe7 14. Nc3 c6 15. Qd4
(15. Qc2 d6 16. Rad1 Be6 17. Rd4 Ne5 18. Rfd1 Rfd8 19. Qd2 c5 20. Nd5 Qd7 21.
Rh4 Bxd5 22. Qxd5 Qe6 23. Qd2 Rd7 24. b3 Rad8 25. f4 Ng6 26. Rh5 Re8 27. Bf3
$36 {Khenkin,I-Plesec,D/Genève op-A/1994/}) 15... d6 16. Rad1 Rd8 17. f4 f5 18.
e4 fxe4 19. f5 Nh4 20. f6 gxf6 21. Nxe4 Nf5 22. Qxf6 Qxf6 23. Nxf6+ Kg7 24.
Nh5+ Kh6 25. Nf4 $16 {Petursson,M-Brestian,E/Moscow olm/1994/}) 14. Nc3 $14 {
[%csl Gc4,Gd4,Rd5] ()[+],><d5} b6 $6 $146 (14... d6 15. Qd2 Rd8 $14) (14... Rb8
15. Qd2 Re8 16. Rae1 (16. Rad1 b6 17. Nd5 $14) 16... b6 17. Bd3 Ba6 18. f4 Qd6
19. Nb5 Bxb5 20. cxb5 Re7 21. Qc3 Rbe8 22. Bb1 Qc5 23. Qxc5 bxc5 24. Kf2 d6 25.
a3 Nf8 26. Bd3 Nd7 27. Re2 Nf6 28. Kf3 Ne4 $10 {Greenfeld,A-Porper,E/ISL-ch/
1992/}) 15. Qd5 $1 Ba6 $5 $8 (15... Qxd5 16. Nxd5 c6 17. Nc3 {[%cal Rc3e4,
Re4d6] /\Ne4-d6} Re8 18. Rfd1 $16 {[%csl Rd6,Rd7][%cal Gd1d7] <->d,><d6,d7}) (
15... Rb8 16. Nb5 $1 c6 (16... Ba6 17. Qxe5 Nxe5 18. Nxc7 Bxc4 19. Bxc4 Nxc4
20. b3 $16 {[%csl Rd7] _|_><d7}) 17. Qxe5 Nxe5 18. Nd6 $16) 16. Qxe5 (16. Qxd7
$5 Rad8 17. Qc6 $1 (17. Qa4 Bb7 {[%cal Rg6h4] /\Nh4->} 18. Qxa7 Bc6 {[%cal
Rd8a8] /\Ra8} 19. Qa3 Nh4 20. Nd5 (20. g3 Nf3+ 21. Bxf3 Bxf3 $44) 20... Bxd5
21. cxd5 Qxd5 22. f3 Qd2 $132) 17... Rd2 18. Rab1 Rfd8 19. Rfd1 $14) 16... Nxe5
17. Nd5 $6 (17. f4 $142 $1 Nxc4 $1 (17... Ng6 18. Nd5 Rac8 19. f5 Ne5 20. Ne7+
Kh8 21. Nxc8 Rxc8 22. b3 $16) (17... Nc6 18. Nd5 Rae8 (18... Rac8 19. b4 Bb7
20. b5 $16) 19. Kf2 Re4 20. Bd3 $16) 18. Rfc1 (18. b3 Nxe3 19. Bxa6 Nxf1 20.
Kxf1 c6 $15) 18... b5 $8 (18... Rfe8 19. b3 Rxe3 20. Bxc4 $16) 19. Nd5 $142 (
19. Nxb5 Bxb5 (19... Nxe3 $6 20. Nxc7 $1 Bxe2 21. Nxa8 Rxa8 22. Rc7 (22. Re1 $2
Nc2) 22... Bb5 23. Re1 Nd5 24. Rxa7 $1 $16 {[%csl Ga2,Gb2] o^a,b}) 20. Bxc4 Bc6
$1 (20... Bxc4 21. Rxc4 Rac8 22. Rac1 c6 23. Rd4 Rfd8 24. e4 $14) 21. Kf2 Rab8
$132) 19... Bb7 20. Nxc7 Rab8 (20... Rac8 21. Bxc4 bxc4 (21... Rxc7 $2 22.
Bxf7+) 22. Rxc4 Bc6 23. Na6 Bb5 24. Rxc8 Rxc8 25. Nb4 a5 26. a4 $1 $16) 21.
Bxc4 (21. Nxb5 Nxe3 $132) 21... bxc4 22. Rxc4 Bc6 (22... Rfc8 23. Rac1 a6 24.
R4c3 {[%cal Rc7d5] /\Nd5}) 23. b3 Rb7 24. Na6 Bb5 25. Nc5 $16) 17... c6 $1 (
17... Bxc4 18. Bxc4 Nxc4 19. b3 $1 (19. Nxc7 Rac8 20. Nd5 Rc5 $1 21. Ne7+ Kh8 {
/\} 22. b3 Re8 $1 23. Rac1 $1 Rxe7 24. Rxc4 $10) 19... c6 (19... Ne5 20. Nxc7
Rac8 21. Rac1 $16 {[%csl Rd7] _|_><d7}) 20. Ne7+ Kh8 21. bxc4 g6 22. Rfd1 Rad8
23. Rd4 Rfe8 24. Nc8 $1 Rxc8 25. Rxd7 $16) 18. Nc7 $8 Bxc4 19. Bxc4 (19. Nxa8
$6 Bxe2 20. Rfe1 Bc4 (20... Ba6 21. Nc7 Bb7 22. f4 Ng4 23. Rad1 Rd8 (23... d5
24. e4 $16) 24. Rd6 Kf8 25. Red1 Ke7 26. e4 Ne3 27. R1d3 Nc4 28. R6d4 Nxb2 29.
Rb3 (29. Rd2 c5 $1 $17) 29... Rc8 30. Rxb2 Rxc7 $13) 21. b3 Rxa8 22. bxc4 Nxc4
$13) 19... Rac8 20. Nd5 $1 $8 cxd5 (20... Rfe8 $2 21. Ba6 $18) 21. Bxd5 {
Black's activity on the c-file nearly balances his weak d-pawn. Also White
would rather have a N (on d4,d5 or d6!) rather than the B, which will have to
chase Black's R from c2.} Rc2 22. Rab1 Rfc8 23. Rfd1 Kf8 (23... Re2 $2 24. Be4
{[%csl Re2][%cal Rg1f1] צc2,/\Kf1+-}) 24. Bb3 $6 (24. Be4 $5 R2c4 25. f3 $14)
24... R2c7 $10 {[%cal Gc7c1] <->c} 25. Kf1 Ke7 26. Ke2 Nc6 (26... d6 27. Rd4
Rc5 28. Rbd1 Rd8 $10) 27. Rd2 (27. Rd5 Na5 28. Ba4 a6 {[%cal Yb6b5] /\b5=})
27... Na5 (27... Na5 28. Bd5 Rc1 29. Rxc1 Rxc1 30. Rd1 Rc2+ 31. Rd2 Rc1 $10)
1/2-1/2